000 00916naa a2200265 u 4500
001 06381
003 HDC
007 cr bn|---aauu|
008 210123e2008 xx | a z000 s eng d
040 _aHDC
100 _aDATUK SERI ABDULLAH BIN HAJI AHMAD BADAWI
_96767
245 0 _aKEYNOTE ADDRESS AT THE WORLD HALAL FORUM 2008 /
_cby DATUK SERI ABDULLAH BIN HAJI AHMAD BADAWI
260 _a[No place] :
_b[publisher not identified],
_c2008
300 _a4 pages
336 _atext
_2rdacontent
337 _acomputer
_2rdamedia
338 _aonline resource
_2rdacarrier
650 _aHalal food
_950
650 _aHalal industry
_9144
650 _aHalal Industry
_9144
650 _aHalal market
_9582
856 _zRequest full-text at [email protected]
942 _2lcc
942 _cSPE
999 _c3705
_d3705